Osud tak chcel : (rozhovor s hercom Jozefom Kronerom) /

Hlavní autor: Kroner, Jozef, 1924-1998
Další autoři: Leikert, Jozef, 1955-, Macková, Mária, 1956-
Jazyk: Slovenština
Vydáno: Bratislava : LUNA, 1999
Vydání: 1. vyd.
Témata:
Fyzický popis: 263 s. : il. ; 20 cm
Knihy
Uloženo v:
LEADER 01454nam a2200421 a 4500
001 001283250
003 CZ BrMZK
005 20130327072444.0
007 ta
008 130311s1999 xo a e 000 0aslo
020 |a 80-967848-1-1  |q (váz.) 
040 |a BOA001  |b cze 
043 |a e-xo--- 
045 |a x2x9 
072 7 |a 791/793  |x Divadlo, film, tanec (obecně)  |2 Konspekt  |9 3 
072 7 |a 929  |x Biografie  |2 Konspekt  |9 8 
080 |a 791.635-051  |2 MRF 
080 |a 929  |2 MRF 
080 |a (437.6)  |2 MRF 
080 |a (047.53)  |2 MRF 
100 1 |a Kroner, Jozef,  |d 1924-1998  |7 jn20000603571  |4 aut 
245 1 0 |a Osud tak chcel :  |b (rozhovor s hercom Jozefom Kronerom) /  |c Jozef Leikert, Mária Macková 
250 |a 1. vyd. 
260 |a Bratislava :  |b LUNA,  |c 1999 
300 |a 263 s. :  |b il. ;  |c 20 cm 
500 |a Vydáno ve spolupráci s Divadlem SNP v Martině 
500 |a Životopisná data 
504 |a Obsahuje bibliografii 
600 1 7 |a Kroner, Jozef,  |d 1924-1998  |7 jn20000603571  |2 czenas 
648 7 |a 20. století  |7 ch460558  |2 czenas 
650 0 7 |a herci  |7 ph117199  |z Slovensko  |y 20. stol.  |2 czenas 
655 7 |a rozhovory  |7 fd133303  |2 czenas 
700 1 |a Leikert, Jozef,  |d 1955-  |7 jn19990009654  |4 aut 
700 1 |a Macková, Mária,  |d 1956-  |7 jn20001227277  |4 aut 
910 |a BOA001  |b 1-1299.961 
990 |a BK 
991 |b 201303  |c NOV  |e n 
996 7 |b 2610542542  |c 1-1299.961  |l MZK  |r Sklad / do 1 hodiny  |n 0  |p dar  |w 001318047  |u 000010  |a 1  |e BOA001  |j MZK50  |s A